|
|
|
|
| LEADER |
006500000a22002410004500 |
| 041 |
|
|
|a en
|
| 082 |
|
|
|a 954 J1.7
|
| 100 |
|
|
|a Chaudhuri, J N
|
| 100 |
|
|
|a Chaudhuri, S
|
| 100 |
|
|
|a Majumdar, R C
|
| 245 |
|
|
|a History and culture of the Indian People
|
| 250 |
|
|
|a Ed.2
|
| 260 |
|
|
|a Bombay, Bharatiya Vidya Bhavan
|
| 260 |
|
|
|c 1984
|
| 490 |
|
|
|a 7
|c The mughal empire
|
| 650 |
|
|
|a Culture
|
| 650 |
|
|
|a History
|
| 650 |
|
|
|a India
|
| 650 |
|
|
|a Mughul Empire
|
| 650 |
|
|
|a Policy
|
| 942 |
|
|
|c BK
|
| 999 |
|
|
|c 149341
|d 149337
|
| 952 |
|
|
|0 0
|1 0
|4 0
|6 954_000000000000000_J1_7
|7 0
|9 148168
|a SCK
|b SCK
|d 2017-10-23
|l 0
|o 954 J1.7
|p SCK02195
|r 2017-10-23
|w 2017-10-23
|y BK
|